[Event "Rome City op 5th"]
[Site "Rome"]
[Date "2023.12.08"]
[Round "7"]
[White "Xie, Felix"]
[Black "Margadgua, Erdenebayar"]
[Result "1/2-1/2"]
[WhiteElo "2244"]
[BlackElo "2005"]
[PlyCount "92"]
[EventDate "2023.12.04"]
[EventType "swiss"]
[EventRounds "9"]
[EventCountry "ITA"]
[SourceTitle "CB50_2023"]
[SourceDate "2023.12.13"]
[SourceVersion "1"]
[SourceVersionDate "2023.12.13"]
[SourceQuality "1"]

1. e4 c5 2. Nf3 e6 3. d4 cxd4 4. Nxd4 a6 5. g3 Ne7 6. Bg2 Nbc6 7. Nb3 g6 8. 0-0 Bg7 9. c4 0-0 10. Nc3 f5 11. Qe2 fxe4 12. Nxe4 d5 13. Ng5 Qd6 14. Rd1 d4 15. Ne4 Qc7 16. Nbc5 e5 17. b3 b6 18. Nd3 Be6 19. Ba3 Qd7 20. Rf1 Bg4 21. Qd2 Bf3 22. Rae1 Bxg2 23. Kxg2 Rf7 24. Ng5 Rf5 25. h4 h6 26. Nh3 Kh7 27. Qe2 Rf7 28. Qe4 Qf5 29. Bxe7 Qxe4+ 30. Rxe4 Rxe7 31. Ng1 a5 32. Nf3 Rf8 33. a3 Rc8 34. Rfe1 Bf6 35. g4 Rce8 36. g5 Bg7 37. b4 axb4 38. axb4 Rc8 39. gxh6 Kxh6 40. b5 Na5 41. Nfxe5 Bxe5 42. Nxe5 Kg7 43. Rxd4 Nxc4 44. Rd5 Nxe5 45. Rdxe5 Rf7 46. Re7 Rc5 1/2-1/2

[Event "Gold Coast op"]
[Site "Gold Coast"]
[Date "2023.07.08"]
[Round "7"]
[White "Bassig, Hamish"]
[Black "Xie, Felix"]
[Result "1-0"]
[WhiteElo "2085"]
[BlackElo "2303"]
[PlyCount "53"]
[EventDate "2023.07.05"]
[EventType "swiss"]
[EventRounds "9"]
[EventCountry "AUS"]
[SourceTitle "CBM 215 Extra"]
[Source "ChessBase"]
[SourceDate "2023.09.30"]
[SourceVersion "1"]
[SourceVersionDate "2023.09.30"]
[SourceQuality "1"]

1. d4 d5 2. Nf3 Nf6 3. c4 e6 4. g3 Bb4+ 5. Bd2 Be7 6. Bg2 0-0 7. 0-0 c6 8. Bc3 dxc4 9. a4 b5 10. axb5 cxb5 11. Ne5 Nd5 12. Ba5 Qe8 13. b3 Nc6 14. bxc4 bxc4 15. e4 Nxa5 16. exd5 Bb4 17. Qa4 Qxa4 18. Rxa4 Rb8 19. Na3 Bxa3 20. Rxa3 Rb5 21. Nc6 Nxc6 22. dxc6 Rd8 23. Rxa7 Rxd4 24. Ra8 Rd8 25. c7 Rf8 26. Rd1 Rc5 27. Rxc8 1-0

[Event "Gold Coast op"]
[Site "Gold Coast"]
[Date "2023.07.07"]
[Round "4"]
[White "Xie, Felix"]
[Black "Lester, George E"]
[Result "1/2-1/2"]
[WhiteElo "2303"]
[BlackElo "1995"]
[PlyCount "143"]
[EventDate "2023.07.05"]
[EventType "swiss"]
[EventRounds "9"]
[EventCountry "AUS"]
[SourceTitle "CBM 215 Extra"]
[Source "ChessBase"]
[SourceDate "2023.09.30"]
[SourceVersion "1"]
[SourceVersionDate "2023.09.30"]
[SourceQuality "1"]

1. d4 Nf6 2. c4 g6 3. Nc3 Bg7 4. e4 d6 5. h3 Nbd7 6. Bd3 e5 7. d5 Nc5 8. Bc2 a5 9. Be3 Bd7 10. Nge2 c6 11. dxc6 Bxc6 12. f3 Nh5 13. Qd2 Ne6 14. 0-0-0 0-0 15. h4 Nhf4 16. g4 Nxe2+ 17. Nxe2 b5 18. Qxd6 Nd4 19. Qxd8 Nxe2+ 20. Kd2 Rfxd8+ 21. Kxe2 bxc4 22. Rxd8+ Rxd8 23. Bd2 a4 24. Bc3 f6 25. Rf1 Bh6 26. Rd1 Rxd1 27. Bxd1 Kf7 28. Kf2 Bf8 29. Be2 Bc5+ 30. Ke1 Bb5 31. b3 axb3 32. axb3 Ke6 33. h5 gxh5 34. gxh5 Be8 35. Bxc4+ Kd6 36. h6 Bg6 37. Ke2 f5 38. Bd5 fxe4 39. fxe4 Bb6 40. Bb4+ Kc7 41. Kd3 Bh5 42. Bg8 Bg6 43. Be6 Kc6 44. Bf8 Bd8 45. b4 Bb6 46. b5+ Kxb5 47. Bd7+ Ka5 48. Bf5 Bxf5 49. exf5 Bd8 50. Bg7 Kb5 51. Ke4 Kc6 52. Kxe5 Kd7 53. f6 Bc7+ 54. Kf5 Bd6 55. f7 Be7 56. Bf6 Bf8 57. Bg5 Be7 58. Be3 Bb4 59. Bg5 Be7 60. Bh4 Bf8 61. Kf6 Bxh6 62. Be1 Bf8 63. Bd2 h5 64. Bg5 Bb4 65. Bd2 Be7+ 66. Kg7 Bc5 67. Be3 Bb4 68. Kf6 h4 69. Bf4 h3 70. Be5 Bf8 71. Bh2 Bb4 72. Bg3 1/2-1/2

[Event "Budapest Vezerkepzo IM-C 04"]
[Site "Budapest"]
[Date "2023.05.02"]
[Round "7"]
[White "Vedant, Nitin Vekhande"]
[Black "Xie, Felix"]
[Result "0-1"]
[WhiteElo "2178"]
[BlackElo "2227"]
[PlyCount "160"]
[EventDate "2023.04.25"]
[EventType "tourn"]
[EventRounds "9"]
[EventCountry "HUN"]
[SourceTitle "CBM 214 Extra"]
[Source "ChessBase"]
[SourceDate "2023.07.31"]
[SourceVersion "1"]
[SourceVersionDate "2023.07.31"]
[SourceQuality "1"]

1. e4 c6 2. d4 d5 3. exd5 cxd5 4. Bd3 Nc6 5. c3 Nf6 6. Bf4 Bg4 7. Qb3 Na5 8. Qc2 e6 9. Nd2 Bd6 10. Bxd6 Qxd6 11. Ngf3 Nc6 12. 0-0 0-0 13. Rae1 Rac8 14. Qb1 g6 15. Ne5 Bf5 16. f4 h5 17. Re3 Ne7 18. h3 Kg7 19. Qe1 Bxd3 20. Rxd3 Qa6 21. a3 Nf5 22. Rdf3 h4 23. Ng4 Nh5 24. R1f2 Nhg3 25. Ne3 Rce8 26. Ndf1 Ne4 27. Rc2 Qa4 28. Re2 Qb5 29. Rc2 Rh8 30. c4 dxc4 31. Nxc4 Nf6 32. Qe5 Qd7 33. Rd3 Rh5 34. Qe1 Nd5 35. Qf2 Rhh8 36. Nfe3 Rc8 37. Nxf5+ gxf5 38. Ne5 Rxc2 39. Qxc2 Qe7 40. Qc5 Qxc5 41. dxc5 Kf6 42. Nf3 Nxf4 43. Rd7 b6 44. b4 bxc5 45. bxc5 Rc8 46. Rxa7 Rxc5 47. Nxh4 Rc4 48. Kh2 Ne2 49. Nf3 Rc2 50. a4 Nf4 51. Nh4 e5 52. Kg1 Rc4 53. Ra6+ Ne6 54. Nf3 e4 55. Ne1 f4 56. a5 Ke5 57. Kf1 Nd4 58. Ra8 Rc1 59. a6 Ra1 60. a7 Ne6 61. h4 Nc7 62. Rf8 Kf6 63. Rg8 Rxa7 64. Rg4 Ne6 65. h5 Ra5 66. Rh4 Kg5 67. g3 f5 68. h6 Ra8 69. h7 Rh8 70. Kf2 fxg3+ 71. Kxg3 Ng7 72. Ng2 Nh5+ 73. Kf2 Rxh7 74. Rh1 Ra7 75. Rc1 Ra2+ 76. Kg1 Nf4 77. Nxf4 Kxf4 78. Kf1 Kg3 79. Rb1 f4 80. Kg1 e3 0-1

[Event "Budapest Vezerkepzo IM-C 04"]
[Site "Budapest"]
[Date "2023.05.01"]
[Round "6"]
[White "Xie, Felix"]
[Black "Shundi, Matias"]
[Result "0-1"]
[WhiteElo "2227"]
[BlackElo "2145"]
[PlyCount "104"]
[EventDate "2023.04.25"]
[EventType "tourn"]
[EventRounds "9"]
[EventCountry "HUN"]
[SourceTitle "CBM 214 Extra"]
[Source "ChessBase"]
[SourceDate "2023.07.31"]
[SourceVersion "1"]
[SourceVersionDate "2023.07.31"]
[SourceQuality "1"]

1. d4 Nf6 2. c4 g6 3. Nc3 d5 4. cxd5 Nxd5 5. e4 Nxc3 6. bxc3 Bg7 7. Nf3 c5 8. Bb5+ Nc6 9. 0-0 0-0 10. Bxc6 bxc6 11. Qc2 cxd4 12. cxd4 Bg4 13. Ne5 Qxd4 14. Bb2 Qb6 15. Rab1 Bxe5 16. Bxe5 Qa5 17. Bc3 Qc5 18. h3 Be6 19. Rfd1 a5 20. Qd2 f6 21. Rb7 Rad8 22. Qxd8 Rxd8 23. Rxd8+ Kf7 24. Bd2 g5 25. Be3 Qe5 26. f3 Bxh3 27. Bd4 Qg3 28. Rb2 g4 29. fxg4 Bxg4 30. Bf2 Qf4 31. Rb7 Qxe4 32. Bg3 c5 33. Rc7 Qb1+ 34. Kh2 Qxa2 35. Bd6 Bf3 36. Rxe7+ Kg6 37. Kg3 Qxg2+ 38. Kf4 Bd5 39. Ke3 Qg1+ 40. Kd2 Qd4+ 41. Ke1 a4 42. Ra7 Qe3+ 43. Kf1 Qf3+ 44. Ke1 Bc4 45. Re7 a3 46. Bxc5 Qc3+ 47. Kf2 a2 48. Bd4 Qd2+ 49. Kg3 a1Q 50. Bxa1 Qxd8 51. Re3 Qb8+ 52. Kf2 Qh2+ 0-1

[Event "Budapest Vezerkepzo IM-C 04"]
[Site "Budapest"]
[Date "2023.04.29"]
[Round "5"]
[White "Halak, Miklos"]
[Black "Xie, Felix"]
[Result "1-0"]
[WhiteElo "2239"]
[BlackElo "2227"]
[PlyCount "35"]
[EventDate "2023.04.25"]
[EventType "tourn"]
[EventRounds "9"]
[EventCountry "HUN"]
[SourceTitle "CBM 214 Extra"]
[Source "ChessBase"]
[SourceDate "2023.07.31"]
[SourceVersion "1"]
[SourceVersionDate "2023.07.31"]
[SourceQuality "1"]

1. e4 c6 2. d4 d5 3. Nd2 dxe4 4. Nxe4 Nf6 5. Nxf6+ exf6 6. c3 Bd6 7. Bd3 0-0 8. Ne2 Re8 9. 0-0 Nd7 10. Bf4 Nf8 11. Qd2 Ne6 12. Bxd6 Qxd6 13. Rfe1 g6 14. Ng3 f5 15. Qh6 Ng7 16. Nh5 Rxe1+ 17. Rxe1 gxh5 18. Qxd6 1-0

[Event "Budapest Vezerkepzo IM-C 04"]
[Site "Budapest"]
[Date "2023.04.28"]
[Round "4"]
[White "Xie, Felix"]
[Black "Joshua, AP."]
[Result "1/2-1/2"]
[WhiteElo "2227"]
[BlackElo "2283"]
[PlyCount "139"]
[EventDate "2023.04.25"]
[EventType "tourn"]
[EventRounds "9"]
[EventCountry "HUN"]
[SourceTitle "CBM 214 Extra"]
[Source "ChessBase"]
[SourceDate "2023.07.31"]
[SourceVersion "1"]
[SourceVersionDate "2023.07.31"]
[SourceQuality "1"]

1. d4 d5 2. c4 e6 3. Nf3 Nf6 4. g3 dxc4 5. Bg2 c5 6. 0-0 Nc6 7. dxc5 Qxd1 8. Rxd1 Bxc5 9. Nbd2 c3 10. bxc3 0-0 11. Nb3 Be7 12. c4 Bd7 13. Bb2 Rfc8 14. c5 Be8 15. Nfd2 Rab8 16. Nc4 b6 17. Nd6 Rc7 18. Ba3 b5 19. Bc1 a5 20. Bxc6 Rxc6 21. Bf4 Ra8 22. Rac1 Bxd6 23. Bxd6 Ne4 24. f3 Nxd6 25. cxd6 a4 26. Rxc6 Bxc6 27. Nd4 Bd7 28. Rc1 Ra6 29. Rc7 Rxd6 30. Nxb5 Rd1+ 31. Kf2 Kf8 32. Nc3 Rc1 33. Ke3 Ke8 34. Kd2 Rh1 35. Ra7 Ra1 36. Kc2 h5 37. Kd2 f5 38. Ke3 Ke7 39. Rb7 Kd6 40. Rb4 g5 41. Rd4+ Ke7 42. h4 gxh4 43. Rxh4 Be8 44. Rb4 Kf6 45. Rb8 Bd7 46. Rb7 Be8 47. Rb8 Bc6 48. Rb6 Bd7 49. Rb4 Ke7 50. Nxa4 Rxa2 51. Nc5 Bc6 52. Rb6 Bd5 53. Rb8 Bc4 54. Nd3 Bxd3 55. exd3 Rg2 56. Rg8 h4 57. g4 fxg4 58. fxg4 Rg3+ 59. Ke4 Kf7 60. Rg5 Kf6 61. Rg8 h3 62. Kf4 Rxd3 63. g5+ Kf7 64. Rh8 Rd4+ 65. Ke5 Rd3 66. Kf4 Kg7 67. Rh6 Rd4+ 68. Ke5 Rg4 69. Rxh3 Rxg5+ 70. Kxe6 1/2-1/2

[Event "Budapest Vezerkepzo IM-C 04"]
[Site "Budapest"]
[Date "2023.04.27"]
[Round "3"]
[White "Xie, Felix"]
[Black "Takacs, Laszlo"]
[Result "1-0"]
[WhiteElo "2227"]
[BlackElo "2233"]
[PlyCount "95"]
[EventDate "2023.04.25"]
[EventType "tourn"]
[EventRounds "9"]
[EventCountry "HUN"]
[SourceTitle "CBM 214 Extra"]
[Source "ChessBase"]
[SourceDate "2023.07.31"]
[SourceVersion "1"]
[SourceVersionDate "2023.07.31"]
[SourceQuality "1"]

1. d4 Nf6 2. c4 g6 3. Nc3 d5 4. cxd5 Nxd5 5. e4 Nxc3 6. bxc3 Bg7 7. Nf3 c5 8. Bb5+ Bd7 9. Be2 0-0 10. 0-0 Bg4 11. Be3 Qa5 12. Qb3 cxd4 13. cxd4 Nc6 14. Rad1 Qb4 15. Qxb4 Nxb4 16. Rd2 Rfc8 17. Rb1 a5 18. a3 Nc2 19. Rd3 e5 20. dxe5 Nxe3 21. fxe3 Rc7 22. Rdb3 a4 23. Rxb7 Rc3 24. Rb8+ Rxb8 25. Rxb8+ Bf8 26. Kf2 Rxa3 27. Bc4 Rc3 28. Bd5 Rc8 29. Rb7 Be6 30. Ra7 a3 31. Ng5 Bc5 32. Ra5 Bb4 33. Ra4 Rc2+ 34. Kf3 Bxd5 35. exd5 a2 36. Ne4 Kg7 37. Ra7 Kh6 38. d6 g5 39. Ra6 Kg7 40. Ng3 Rd2 41. Nf5+ Kg6 42. Nd4 g4+ 43. Kxg4 Rxg2+ 44. Kf3 a1Q 45. Rxa1 Rxh2 46. Rg1+ Kh5 47. d7 Be7 48. Nc6 1-0

[Event "Budapest Vezerkepzo IM-C 04"]
[Site "Budapest"]
[Date "2023.04.26"]
[Round "2"]
[White "Isha, Sharma"]
[Black "Xie, Felix"]
[Result "1-0"]
[WhiteElo "2216"]
[BlackElo "2227"]
[PlyCount "73"]
[EventDate "2023.04.25"]
[EventType "tourn"]
[EventRounds "9"]
[EventCountry "HUN"]
[SourceTitle "CBM 214 Extra"]
[Source "ChessBase"]
[SourceDate "2023.07.31"]
[SourceVersion "1"]
[SourceVersionDate "2023.07.31"]
[SourceQuality "1"]

1. e4 c6 2. d4 d5 3. e5 Bf5 4. h4 h5 5. Bd3 Bxd3 6. Qxd3 e6 7. Nf3 Qa5+ 8. Nbd2 Qa6 9. c4 Nh6 10. 0-0 Nf5 11. b3 Be7 12. a4 0-0 13. Ba3 Bxa3 14. Rxa3 Rd8 15. b4 dxc4 16. Nxc4 b6 17. a5 b5 18. Ne3 Ne7 19. Ng5 g6 20. g4 c5 21. bxc5 b4 22. Rb3 Qxd3 23. Rxd3 Nbc6 24. Rfd1 Nxa5 25. gxh5 gxh5 26. Kh2 Kf8 27. f4 Nac6 28. Nh7+ Kg7 29. Nf6 Kh6 30. Ne4 Nd5 31. Nd6 Nxe3 32. Rxe3 Rd7 33. f5 Rg8 34. d5 exd5 35. e6 fxe6 36. Rxe6+ Kg7 37. f6+ 1-0